| 000 | 00488nam a2200205Ia 4500 | ||
|---|---|---|---|
| 003 | OSt | ||
| 005 | 20140312095704.0 | ||
| 008 | 140130s9999 xx 000 0 und d | ||
| 020 | _a0439417686 | ||
| 050 |
_aQL 467.2 _b.P23 2002 |
||
| 100 | _aPackard, Marry | ||
| 245 |
_aBizarre bugs / _cMarry Packard. |
||
| 260 |
_bScholastic, _c2002. _aNew York : |
||
| 300 |
_a86 p. : _bill. ; _c18 cm. |
||
| 440 | _v1 | ||
| 521 | _aG11 | ||
| 526 | _c1040 | ||
| 942 |
_cBK _2lcc |
||
| 999 |
_c41626 _d41626 |
||